| 000 | 00431cas a2200145 4500 | ||
|---|---|---|---|
| 008 | 140908n eng u | ||
| 020 | _a0746303742 | ||
| 035 | _a(Sirsi) a184826 | ||
| 050 | _aHG 1581 AND 1991 | ||
| 100 | 1 | _aAnderson, Peter | |
| 245 |
_aBank lending : _ba practical introduction , _cPeter Anderson |
||
| 260 |
_aPlymouth : _bNorthcote house , _c1991. |
||
| 300 |
_a[x], 144p. : _bill. |
||
| 650 | _aBanks and banking | ||
| 999 |
_c121099 _d121099 |
||